000 00855nam a2200289Ia 4500
001 57498
003 CO-BoRNBP
005 20250704114458.0
007 ta
008 170503s2006 s ao g 000 0 s
020 _a9788484521181
040 _aCO-BoRNBP
_bspa
_erda
_cCO-BoRNBP
041 _aspa
082 0 4 _a394.0954
_bD17i
100 _aDas, Prodeepta
_926363
245 1 0 _aI de India
_ctexto e ilustraciones de Prodeepta Das
250 _a1a. edición
264 1 _aBarcelona
_bIntermón
_c2006
300 _a28 páginas
_bilustraciones en color, fotos
_c23 cm
336 _atexto
_btxt
_2rdacontent
337 _asin mediación
_bn
_2rdamedia
338 _avolumen
_bnc
_2rdacarrier
650 0 7 _aCivilización hindú
_2LEMB
_960841
651 0 _aIndia
_vCivilización
_960842
651 0 _aIndia
_vVida social y costumbres
_960843
942 _2ddc
_cBK
999 _c57498
_d57498